000 00818cam a2200241 a 4500
001 000007687
005 20200929154249.0
008 880805s1987 cu 001 0bspa
040 _aDO-SdBNP
_dBNPHU
082 _a972.87051
_bT696M
100 1 _aMartínez, José de Jesús,
_d1929-1991.
_921303
245 1 0 _aMi general Torrijos /
_cJosé de Jesús Martínez.
260 _aLa Habana :
_bCasa de las América,
_c1987.
300 _a271 p. ;
_c20 cm.
490 1 _aTestimonio
586 _aPremios Casa de las Americas, 1987.
600 1 0 _aTorrijos, Omar,
_d1929-1981.
_921304
651 4 _aPanamá
_xPolítica Y Gobierno
_y1946-
_921305
650 4 _aPresidentes
_zPanamá
_vBIOGRAFÍAS
_921306
650 4 _aGenerales
_zPanamá
_vBIOGRAFÍAS
_921307
830 0 _aTestimonio.
_916115
910 _aCatalogación derivada
999 _c7467
_d7467